[Event "St Chely d'Aubrac op 8th"]
[Site "St Chely d'Aubrac"]
[Date "2008.07.16"]
[Round "5"]
[White "Darnis, Lucas"]
[Black "Causse, Michel"]
[Result "1/2-1/2"]
[WhiteElo "1310"]
[BlackElo "1380"]
[PlyCount "30"]
[EventDate "2008.07.13"]
[EventType "swiss"]
[EventRounds "9"]
[EventCountry "FRA"]
[SourceTitle "CBM 125 Extra"]
[Source "ChessBase"]
[SourceDate "2008.09.01"]
[SourceVersion "1"]
[SourceVersionDate "2008.09.01"]
[SourceQuality "1"]

1. e4 c6 2. d4 d5 3. exd5 cxd5 4. Nf3 Nf6 5. Bb5+ Nbd7 6. 0-0 e6 7. Bxd7+ Bxd7 8. Ne5 Bb5 9. Re1 Be7 10. Nc3 Ba6 11. h3 Rc8 12. Rb1 0-0 13. Bg5 h6 14. Bxf6 Bxf6 15. Na4 b6 1/2-1/2